| 000 | 00459cam4a220018100 4500 | ||
|---|---|---|---|
| 001 | tmp15353189 | ||
| 003 | UPRA | ||
| 005 | 20190822121008.0 | ||
| 008 | 950801s1964 enk eng u | ||
| 035 | _a(Sirsi) r9221 | ||
| 035 | _a(UPRA)tmp15353189 | ||
| 040 | _cUPRA | ||
| 100 | 1 |
_aGordon, Richard. _6A62312.1 |
|
| 245 | 1 | 0 | _aNuts in May. |
| 260 |
_aLondon : _bHeinemann, _c[1964] |
||
| 949 |
_aPR6029.S84 _wlcc _i-650 _mMAIN _tBOOK _lON-SHELF |
||
| 004 | 9221 | ||
| 999 |
_c134608 _d134608 |
||